000 00436nam a2200145 i 4500
001 91296
003 ES-MaACL
007 t|
008 050128s1955 gw ||||1| ger d
100 1 _aLeuenberger, Hans.
_971899
245 1 0 _aAthiopien
_b: Kaiserreich seit Salomon /
_cvon Hans Leuenberger.
260 _aZürich :
_bStauffacher,
_c[1955] (
_fHans Kern)
300 _a232 p., 22 lám. ;
_c21 cm.
852 _aES-MaACL
_jE-7333
_bR.91927
999 _c91296
_d91296